Name the Bible books of the New Testament - Bible Quiz - Statistics

General Stats
  • This quiz has been taken 163 times
  • The average score is 21 of 27
Answer Stats
Answer % Correct
John
99%
Luke
99%
Mark
99%
Matthew
97%
Acts
91%
Romans
90%
Revelation
87%
1 Corinthians
80%
1 John
80%
2 Corinthians
80%
2 John
80%
3 John
80%
Galatians
80%
Jude
79%
Ephesians
77%
1 Peter
76%
2 Peter
74%
1 Timothy
73%
2 Timothy
73%
Hebrews
72%
Philippians
71%
James
70%
Colossians
69%
Titus
69%
1 Thessalonians
67%
2 Thessalonians
67%
Philemon
65%
No matching quizzes found
Score Distribution
Percent of People with Each Score
Percentile by Number Answered
Your Score History
You have not taken this quiz